Mariana Pineda /

Bibliographic Details
Main Author: García Lorca, Federico, 1898-1936
Other Authors: Havard, Robert G.
Format: Book
Language:English
Published: Warminster : Aris & Phillips, [1987]
Series:Hispanic classics.
Subjects:

MARC

Tag First Indicator Second Indicator Subfields
LEADER 00000cam a2200000 a 4500
001 in00000007586
005 20151006050037.0
008 871007s1987 enkac b 00010 eng d
010 |a gb 87007122  
015 |a GB87-7122 
020 |a 0856683337 (cased) :  |c £17.50 
020 |a 0856683345 (pbk) :  |c £7.50 
035 |a (OCoLC)15053732 
035 |9 AAA2082AM 
040 |a UKM  |c UKM  |d OCL  |d TXA  |d UtOrBLW 
041 1 |a eng  |h spa 
049 |a TXAM  |c [A12616937] 
050 4 |a PQ6613.A763  |b M37 1987 
100 1 |a García Lorca, Federico,  |d 1898-1936. 
240 1 0 |a Mariana Pineda.  |l English 
245 1 0 |a Mariana Pineda /  |c Federico Garćia Lorca ; translated with an introduction & commentary by Robert G. Havard. 
264 1 |a Warminster :  |b Aris & Phillips,  |c [1987] 
264 4 |c ©1987 
300 |a vii, 175 pages :  |b illustrations, portrait ;  |c 21 cm. 
336 |a text  |b txt  |2 rdacontent 
337 |a unmediated  |b n  |2 rdamedia 
338 |a volume  |b nc  |2 rdacarrier 
490 1 |a Hispanic classics 
500 |a Translation of: Mariana Pineda. 
500 |a Text in English and Spanish. 
504 |a Bibliography: pages vi-vii. 
650 0 |a Spanish drama. 
700 1 |a Havard, Robert G. 
830 0 |a Hispanic classics. 
999 |a MARS 
999 f f |s 4efea53c-48ad-3c96-9953-c8511e3d851a  |i 7630bfa3-c5da-3be8-bc16-7b7f1a1fb7f7  |t 0 
952 f f |p ric  |a Texas A&M University  |b Rellis Campus  |c Joint Library Facility  |d Remote Storage  |t 0  |e PQ6613.A763 M37 1987  |h Library of Congress classification  |i unmediated -- volume  |m A14812616937 
998 f f |a PQ6613.A763 M37 1987  |t 0  |l Remote Storage